00313nam a2200133Ia 4500008004100000020000900041040001500050041001200065082001800077100001500095245001900110260003600129300001400165230917s9999||||xx |||||||||||||| ||und|| cRS50 e3983aMAIN aEnglish a301.412 R149W aRam Swarup 0aWomen in Islam aNew DelhibVoice of Indiac1994 aix, 51 p.